00591nam a2200217Ia 4500008004100000020002200041050002000063050001400083100002800097245001600125245007800141260002100219260002600240260000900266300001500275300002600290300001100316440001800327650001500345650001300360161112s9999 xx 000 0 und d a978-1-84430-146-1 aCUL TX 819.M26  b.G37 2004 aGarcia, Marie-Victoire. 0aMarinades / 0cMarie-Victoire Garcia; photogpraphs by Akiko Ida; styling by Laura Zavan. aUnited Kingdom : bHachette illustrated, c2004 a62 pages : bcolor illustrations ; c20 cm. aWith friends. aMarinades. xCooking.